[Event "IMSA Blitz Men 2019"]
[Site "Hengshui"]
[Date "2019.05.18"]
[Round "8.2"]
[White "Yu, Yangyi"]
[Black "Le, Quang Liem"]
[Result "1/2-1/2"]
[WhiteElo "2739"]
[BlackElo "2704"]
[Annotator "TA"]
[PlyCount "96"]
[EventDate "2019.05.17"]
[EventType "blitz"]
[EventCountry "CHN"]
[SourceTitle "playchess.com"]
[Source "ChessBase"]
[SourceQuality "1"]

{[%evp 13,96,22,65,20,20,14,17,0,14,23,24,22,28,0,0,0,0,0,17,26,36,27,29,32,36,35,31,0,18,12,24,0,0,0,0,0,0,-1,0,0,0,0,0,0,19,19,20,2,9,0,0,0,0,0,8,0,0,-10,16,0,0,0,0,0,0,0,0,0,0,0,0,0,0,0,0,0,0,0,0,0,0,0,0,0,0]} 1. e4 c6 2. d4 d5 3. e5 Bf5 4. Nf3 e6 5. Be2 c5 6. Be3 Qb6 7. Nc3 Nc6 8. Na4 {B12: Caro-Kann: Advance Variation} (8. O-O Qxb2 9. Qe1 cxd4 10. Bxd4 Nxd4 11. Nxd4 Bb4 12. Ndb5 Ba5 13. Rb1 Qxc2 14. Rb3 Ne7 15. Nd6+ Kf8 16. Nxb7 Bb6 17. Nd6 Ba5 18. Nb7 Bb6 19. Nd6 Ba5 20. Nb7 {½-½ (20) Vachier Lagrave,M (2773)-Anand,V (2774) Karlsruhe/Baden Baden 2019}) 8... Qa5+ 9. c3 {[%cal Rd4c5]} c4 10. O-O b5 11. Nc5 Bxc5 12. dxc5 b4 $146 ({Predecessor:} 12... Nge7 13. b4 Qa3 14. Qc1 Qxc1 15. Rfxc1 Kd7 {½-½ (53) Tsydypov,Z (2530)-Popov,I (2590) Baku 2018}) 13. Nd4 Nge7 14. cxb4 Qxb4 15. b3 $1 O-O 16. a3 Qb7 17. bxc4 dxc4 18. Nxc6 Nxc6 19. Bxc4 Nxe5 20. Be2 Rfd8 21. Qa4 Be4 22. f3 Bd3 {The position is equal.} 23. Rfe1 Bxe2 24. Rxe2 Qc6 25. Qc2 Rd5 26. Rd1 Rad8 27. Red2 h6 28. h3 a6 (28... Rxd2 {keeps more tension.} 29. Rxd2 Rxd2 30. Qxd2 f6 31. Qd4 Qd5) 29. Rxd5 Rxd5 30. Rxd5 (30. Rb1 {looks sharper.} Nd7 31. a4 Re5 32. Qb3 Rd5 33. a5) 30... Qxd5 31. Bf2 Nc6 32. Qa4 a5 33. Qb5 g5 34. Qb2 e5 35. Qc2 Qe6 36. g4 Qd5 37. Kg2 Nd4 38. Bxd4 exd4 $11 {[%mdl 4096] Endgame KQ-KQ} 39. c6 d3 40. Qc3 {[#] Black must now prevent c7.} Qa2+ (40... d2 $5 41. c7 $8 d1=Q 42. c8=Q+ Qd8 $11) 41. Kg3 {Strongly threatening c7.} Qb1 {[%cal Rb1g1]} 42. Qd4 Qe1+ 43. Kg2 Qe2+ 44. Kg3 $1 Qe1+ 45. Kg2 Qe2+ 46. Kg3 $1 Qe1+ 47. Kg2 Qe2+ 48. Kg3 $1 Qe1+ {Accuracy: White = 60%, Black = 79%.} 1/2-1/2

[Event "IMSA Blitz Men 2019"]
[Site "Hengshui"]
[Date "2019.05.18"]
[Round "8.2"]
[White "Rapport, Richard"]
[Black "Gelfand, Boris"]
[Result "0-1"]
[WhiteElo "2736"]
[BlackElo "2676"]
[Annotator "RC"]
[PlyCount "188"]
[EventDate "2019.05.17"]
[EventType "blitz"]
[EventCountry "CHN"]
[SourceTitle "playchess.com"]
[Source "ChessBase"]
[SourceQuality "1"]
[TimeControl "180+2"]

1. b3 {[%emt 0:00:00]} e5 {[%emt 0:00:00]} 2. Bb2 {[%emt 0:00:00]} Nc6 {[%emt 0:00:00]} 3. c4 {[%emt 0:00:01]} Nf6 {[%emt 0:00:02]} 4. Nf3 {[%emt 0:00:01]} e4 {[%emt 0:00:01]} 5. Nd4 {[%emt 0:00:01]} Bc5 {[%emt 0:00:04]} 6. Nf5 {[%emt 0:00:01]} O-O {[%emt 0:00:03]} 7. e3 {[%emt 0:00:00]} d5 {[%emt 0:00:05]} 8. cxd5 {[%emt 0:00:01]} Nb4 {[%emt 0:00:01]} 9. Ng3 {[%emt 0:00:03]} Nfxd5 {[%emt 0:00:02]} 10. Qc1 {[%emt 0:00:13]} Be7 {[%emt 0:00:12]} 11. Nc3 {[%emt 0:00:06]} Nd3+ {[%emt 0:00:19]} 12. Bxd3 {[%emt 0:00:01]} exd3 {[%emt 0:00:01]} 13. Nxd5 {[%emt 0:00:06]} Qxd5 {[%emt 0:00:00]} 14. Qxc7 {[%emt 0:00:04]} Bd6 {[%emt 0:00:08]} 15. Qc3 {[%emt 0:00:03]} f6 {[%emt 0:00:03]} 16. e4 {[%emt 0:00:15]} Qb5 {[%emt 0:00:19]} 17. a4 {[%emt 0:00:04]} Qa6 {[%emt 0:00:05]} 18. b4 {[%emt 0:00:02]} Be5 {[%emt 0:00:21]} 19. Qa3 {[%emt 0:00:05]} Bxb2 {[%emt 0:00:15]} 20. Qxb2 {[%emt 0:00:01]} Be6 {[%emt 0:00:00]} 21. O-O {[%emt 0:00:06]} Rac8 {[%emt 0:00:06]} 22. Rfc1 {[%emt 0:00:22]} Rxc1+ {[%emt 0:00:08]} 23. Rxc1 {[%emt 0:00:01]} Qxa4 {[%emt 0:00:01]} 24. Qd4 {[%emt 0:00:04]} Qb5 {[%emt 0:00:20]} 25. Rc5 {[%emt 0:00:10]} Qd7 {[%emt 0:00:02]} 26. Qxd7 {[%emt 0:00:07]} Bxd7 {[%emt 0:00:01]} 27. Rd5 {[%emt 0:00:00]} Be6 {[%emt 0:00:14]} 28. Rxd3 {[%emt 0:00:01]} Rc8 {[%emt 0:00:00]} 29. f4 {[%emt 0:00:12]} g6 {[%emt 0:00:26]} 30. f5 {[%emt 0:00:17]} Bf7 {[%emt 0:00:08]} 31. Rd7 {[%emt 0:00:03]} b5 {[%emt 0:00:15]} 32. Rxa7 {[%emt 0:00:14]} Rc4 {[%emt 0:00:01]} 33. Rb7 {[%emt 0:00:08]} Rxb4 34. Kf2 {[%emt 0:00:03]} Bc4 {[%emt 0:00:06]} 35. h4 {[%emt 0:00:24]} Rb2 {[%emt 0:00:06]} 36. Rd7 {[%emt 0:00:21]} b4 {[%emt 0:00:01]} 37. fxg6 hxg6 38. h5 gxh5 {[%emt 0:00:06]} 39. Nxh5 {[%emt 0:00:03]} b3 {[%emt 0:00:03]} 40. Nxf6+ {[%emt 0:00:01]} Kf8 {[%emt 0:00:00]} 41. g4 {[%emt 0:00:22]} Rc2 {[%emt 0:00:04]} 42. g5 {[%emt 0:00:02]} Bf7 {[%emt 0:00:01]} 43. e5 {[%emt 0:00:12]} b2 44. g6 Bxg6 45. e6 Rxd2+ {[%emt 0:00:07]} 46. Rxd2 {[%emt 0:00:03]} b1=Q {[%emt 0:00:01]} 47. Re2 {[%emt 0:00:05]} Ke7 {[%emt 0:00:07]} 48. Nd5+ {[%emt 0:00:01]} Kd6 {[%emt 0:00:01]} 49. Nf4 {[%emt 0:00:04]} Be8 {[%emt 0:00:01]} 50. Rd2+ {[%emt 0:00:01]} Ke7 {[%emt 0:00:02]} 51. Re2 {[%emt 0:00:02]} Qf5 {[%emt 0:00:01]} 52. Kg3 {[%emt 0:00:02]} Bb5 {[%emt 0:00:05]} 53. Re5 {[%emt 0:00:02]} Qb1 {[%emt 0:00:03]} 54. Rg5 {[%emt 0:00:02]} Qg1+ {[%emt 0:00:02]} 55. Kh4 {[%emt 0:00:01]} Qf2+ {[%emt 0:00:02]} 56. Kg4 {[%emt 0:00:01]} Be2+ {[%emt 0:00:01]} 57. Kf5 {[%emt 0:00:01]} Qc5+ {[%emt 0:00:03]} 58. Kg6 {[%emt 0:00:01]} Qc2+ {[%emt 0:00:01]} 59. Kg7 {[%emt 0:00:02]} Bc4 {[%emt 0:00:01]} 60. Re5 {[%emt 0:00:04]} Qc3 {[%emt 0:00:02]} 61. Ng6+ {[%emt 0:00:01]} Kd6 {[%emt 0:00:01]} 62. e7 {[%emt 0:00:00]} Bb5 {[%emt 0:00:01]} 63. Kf8 {[%emt 0:00:03]} Qf3+ {[%emt 0:00:01]} 64. Kg7 {[%emt 0:00:02]} Be8 {[%emt 0:00:01]} 65. Rg5 {[%emt 0:00:08]} Qf7+ {[%emt 0:00:03]} 66. Kh6 {[%emt 0:00:01]} Qf6 {[%emt 0:00:01]} 67. Rg4 {[%emt 0:00:01]} Qa1 {[%emt 0:00:08]} 68. Rg3 {[%emt 0:00:01]} Ke6 {[%emt 0:00:05]} 69. Re3+ {[%emt 0:00:01]} Kf5 {[%emt 0:00:02]} 70. Rf3+ {[%emt 0:00:02]} Ke6 {[%emt 0:00:01]} 71. Re3+ {[%emt 0:00:00]} Kd6 {[%emt 0:00:02]} 72. Rd3+ {[%emt 0:00:01]} Kc7 {[%emt 0:00:02]} 73. Rg3 {[%emt 0:00:02]} Qf6 {[%emt 0:00:02]} 74. Kh7 {[%emt 0:00:02]} Kb6 {[%emt 0:00:03]} 75. Kh6 {[%emt 0:00:07]} Ka5 {[%emt 0:00:01]} 76. Rg5+ {[%emt 0:00:01]} Kb4 {[%emt 0:00:02]} 77. Rg4+ {[%emt 0:00:02]} Kc3 {[%emt 0:00:01]} 78. Rg3+ {[%emt 0:00:01]} Kd2 {[%emt 0:00:01]} 79. Rg2+ {[%emt 0:00:01]} Ke1 {[%emt 0:00:01]} 80. Rg1+ {[%emt 0:00:06]} Kf2 {[%emt 0:00:01]} 81. Rg5 {[%emt 0:00:01]} Bxg6 {[%emt 0:00:03]} 82. Rxg6 {[%emt 0:00:04]} Qh4+ {[%emt 0:00:00]} 83. Kg7 {[%emt 0:00:01]} Qxe7+ {[%emt 0:00:01]} 84. Kh6 {[%emt 0:00:01]} Kf3 {[%emt 0:00:01]} 85. Rg5 {[%emt 0:00:03]} Kf4 {[%emt 0:00:01]} 86. Rg1 {[%emt 0:00:03]} Qd6+ {[%emt 0:00:05]} 87. Kh7 {[%emt 0:00:01]} Qc7+ {[%emt 0:00:03]} 88. Rg7 {[%emt 0:00:01]} Qc2+ {[%emt 0:00:01]} 89. Kh6 {[%emt 0:00:02]} Kf5 {[%emt 0:00:01]} 90. Rf7+ {[%emt 0:00:00]} Ke6 {[%emt 0:00:00]} 91. Rf8 {[%emt 0:00:04]} Ke7 {[%emt 0:00:02]} 92. Rg8 {[%emt 0:00:04]} Kf7 {[%emt 0:00:02]} 93. Rg7+ {[%emt 0:00:01]} Kf6 {[%emt 0:00:00]} 94. Rg5 {[%emt 0:00:02]} Qd2 {[%emt 0:00:02]} 0-1

[Event "IMSA Blitz Men 2019"]
[Site "Hengshui"]
[Date "2019.05.18"]
[Round "8.2"]
[White "Andreikin, Dmitry"]
[Black "Wang, Hao"]
[Result "1/2-1/2"]
[WhiteElo "2722"]
[BlackElo "2735"]
[Annotator "TA"]
[PlyCount "45"]
[EventDate "2019.05.17"]
[EventType "blitz"]
[EventCountry "CHN"]
[SourceTitle "playchess.com"]
[Source "ChessBase"]
[SourceQuality "1"]

{[%evp 11,45,11,19,0,0,0,9,8,18,0,1,-8,-12,-19,-6,-76,-26,-35,-27,-31,0,0,0,-18,0,0,0,0,0,0,0,0,0,0,0,0]} 1. e4 c5 2. Nf3 d6 3. d4 cxd4 4. Nxd4 Nf6 5. Nc3 a6 6. g3 e5 7. Nf3 {B91: Sicilian Najdorf: 6 g3} (7. Nde2 {keeps more tension.} Be7 8. Bg2 O-O 9. O-O b5 10. Nd5) (7. Nde2 Be7 8. Bg2 O-O 9. O-O b5 10. Nd5 Nbd7 11. Nec3 Nb6 12. Nxf6+ Bxf6 13. b3 Be6 14. Ba3 Qc7 15. Qd3 Rfc8 16. Bb4 a5 17. Nxb5 Qxc2 18. Qxc2 Rxc2 19. Bxd6 {½-½ (73) Vachier Lagrave,M (2778)-Wojtaszek,R (2749) Shenzhen 2018}) 7... Be7 8. Bg2 O-O 9. O-O b5 {[%cal Bb7b5,Bb5b4][%mdl 32]} 10. Nh4 g6 11. Bh6 Re8 $1 12. h3 b4 $146 ({Predecessor:} 12... Bb7 13. Qd2 b4 14. Nd5 Nxd5 15. exd5 {1-0 (46) Gorovykh,E (2416)-Kuzubov,Y (2545) Kirishi 2007}) 13. Na4 (13. Nd5 $11) 13... Bb7 (13... Bd7 $5 {[%cal Rd7a4]} 14. c4 Bc6 $15) 14. Re1 $1 Nbd7 15. Qd2 a5 16. Nf5 $1 {The position is equal.} Bc6 17. b3 Bxa4 18. bxa4 Nc5 19. Ng7 Rf8 20. Nf5 Re8 21. Ng7 Rf8 22. Nf5 $1 Re8 23. Ng7 {Accuracy: White = 65%, Black = 59%.} 1/2-1/2

[Event "IMSA Blitz Men 2019"]
[Site "Hengshui"]
[Date "2019.05.18"]
[Round "8.2"]
[White "Vidit, Santosh Gujrathi"]
[Black "Korobov, Anton"]
[Result "1/2-1/2"]
[WhiteElo "2707"]
[BlackElo "2687"]
[Annotator "TA"]
[PlyCount "110"]
[EventDate "2019.05.17"]
[EventType "blitz"]
[EventCountry "CHN"]
[SourceTitle "playchess.com"]
[Source "ChessBase"]
[SourceQuality "1"]

{[%evp 13,110,-9,21,15,38,34,44,36,27,25,56,53,49,41,53,35,96,85,178,110,228,181,181,38,41,47,47,0,0,-83,-81,-89,-78,-89,-79,-138,-137,-120,-121,-121,-122,-137,-139,-132,-106,-106,-106,-140,-106,-106,-106,-112,-64,-197,-132,-132,-60,-60,-60,-60,-60,-60,-60,-60,-60,-60,-60,-60,-16,-16,-16,-16,-16,-41,-41,-41,-41,-41,-12,-12,-12,-12,0,0,0,0,8,8,8,8,8,8,8,8,8,8,8,8,8]} 1. Nf3 d5 2. g3 g6 3. Bg2 Bg7 4. d4 Nf6 5. O-O O-O 6. c4 c6 7. Qb3 a5 8. cxd5 {D78: Fianchetto Grünfeld: 6 0-0 c6} cxd5 (8... a4 9. Qd1 cxd5 10. Nc3 Ne4 11. Nxa4 Qa5 12. Nc3 Nxc3 13. bxc3 Qxc3 14. Bd2 Qa3 15. Qb3 Nc6 {0-1 (54) Cheparinov,I (2709)-Artemiev,V (2709) Skopje 2018}) 9. Nc3 Nc6 10. Rd1 {White is slightly better.} e6 11. Bf4 Qe7 $146 ({Predecessor:} 11... Nh5 12. Be3 f5 13. Bg5 Nf6 14. Na4 h6 15. Bxf6 Bxf6 {0-1 (73) Peeters,F (1965)-Belenkaya,D (2323) Avoine 2017}) 12. a3 Ne4 13. Nxe4 dxe4 14. Ne5 Nxe5 (14... g5 $14) 15. dxe5 $16 a4 (15... b5 $16 {is a better defense.}) 16. Qb5 (16. Qb6 $18) 16... g5 (16... Qe8 $16 {was worth a try.} 17. Qxe8 Rxe8) 17. Be3 Qc7 18. Bd4 (18. Bxe4 $18 {f4 is the strong threat.} Qxe5 19. Bc5) 18... Bd7 $14 19. Qb4 Bc6 20. Rac1 (20. Qc3 {looks sharper.} Ra5 21. Qe3 Rxe5 22. Bxe5 Qxe5 23. Rd2) 20... Qa5 $1 21. Rc5 (21. Qe7 $11 {remains equal.}) 21... Qxb4 $17 22. axb4 Rfd8 23. e3 {[#]} Bf8 $1 24. Rxc6 (24. Rc4 $142) 24... bxc6 25. Bxe4 Rac8 26. Rc1 Bxb4 {White must now prevent ...c5.} 27. Rxc6 Rxc6 28. Bxc6 {[%mdl 4096] Endgame KRB-KB} a3 29. bxa3 Bxa3 30. Kg2 Rb8 31. f4 h6 32. Kf3 Bb2 33. Kg4 (33. fxg5 $15 hxg5 34. Kg4) 33... Bxd4 $19 34. exd4 {[#] KR-KB} Rd8 (34... gxf4 $1 $17 35. Kxf4 Rb4) 35. fxg5 $15 Rxd4+ 36. Kh5 hxg5 37. Kxg5 Kg7 38. h4 Rc4 $1 {[%cal Rc4c6]} 39. Bf3 Rc5 40. Kf4 f6 41. exf6+ Kxf6 42. g4 e5+ 43. Ke3 Rc3+ 44. Ke4 Rc4+ 45. Ke3 Ra4 46. Be4 {The position is equal.} Ra3+ 47. Bd3 $1 e4 {[%mdl 64] Decoy} 48. Kxe4 Ra4+ 49. Kf3 Rxg4 (49... Ra3 {with more complications.} 50. Ke3 Ra4 51. g5+ Ke6 52. h5 Rg4) 50. Kxg4 Kg7 51. h5 Kh8 52. h6 Kg8 53. Kg5 $1 Kh8 54. Kg6 Kg8 55. h7+ Kh8 {Accuracy: White = 45%, Black = 50%.} 1/2-1/2

[Event "IMSA Blitz Men 2019"]
[Site "Hengshui"]
[Date "2019.05.18"]
[Round "8.2"]
[White "Fedoseev, Vladimir"]
[Black "Mamedov, Rauf"]
[Result "0-1"]
[WhiteElo "2683"]
[BlackElo "2650"]
[Annotator "RC"]
[PlyCount "62"]
[EventDate "2019.05.17"]
[EventType "blitz"]
[EventCountry "CHN"]
[SourceTitle "playchess.com"]
[Source "ChessBase"]
[SourceQuality "1"]
[TimeControl "180+2"]

1. e4 {[%emt 0:00:00]} c5 {[%emt 0:00:00]} 2. Nf3 {[%emt 0:00:00]} Nc6 {[%emt 0:00:02]} 3. d4 {[%emt 0:00:01]} cxd4 {[%emt 0:00:01]} 4. Nxd4 {[%emt 0:00:00]} g6 {[%emt 0:00:01]} 5. Nc3 {[%emt 0:00:02]} Bg7 {[%emt 0:00:01]} 6. Be3 {[%emt 0:00:01]} Nf6 {[%emt 0:00:00]} 7. Bc4 {[%emt 0:00:01]} O-O {[%emt 0:00:02]} 8. Bb3 {[%emt 0:00:01]} d6 {[%emt 0:00:01]} 9. f3 {[%emt 0:00:03]} Bd7 {[%emt 0:00:00]} 10. Qd2 {[%emt 0:00:01]} Nxd4 {[%emt 0:00:01]} 11. Bxd4 {[%emt 0:00:03]} b5 {[%emt 0:00:01]} 12. h4 {[%emt 0:00:29]} a5 {[%emt 0:00:01]} 13. a4 {[%emt 0:00:17]} bxa4 {[%emt 0:00:03]} 14. Bxa4 {[%emt 0:00:16]} h5 {[%emt 0:00:07]} 15. Bb3 {[%emt 0:00:09]} Bc6 {[%emt 0:00:08]} 16. O-O {[%emt 0:00:12]} Qb8 {[%emt 0:00:04]} 17. Bc4 {[%emt 0:00:20]} a4 {[%emt 0:00:30]} 18. b3 {[%emt 0:00:04]} Rc8 {[%emt 0:00:15]} 19. Rae1 {[%emt 0:00:13]} a3 {[%emt 0:00:39]} 20. f4 {[%emt 0:00:28]} Ng4 {[%emt 0:00:23]} 21. Rd1 {[%emt 0:00:39]} e6 {[%emt 0:00:36]} 22. Bxg7 {[%emt 0:00:13]} Kxg7 {[%emt 0:00:01]} 23. Kh1 {[%emt 0:00:01]} Kg8 {[%emt 0:00:09]} 24. Be2 {[%emt 0:00:05]} Nf6 {[%emt 0:00:12]} 25. f5 {[%emt 0:00:01]} Nxe4 {[%emt 0:00:10]} 26. Nxe4 {[%emt 0:00:04]} Bxe4 {[%emt 0:00:01]} 27. fxe6 {[%emt 0:00:04]} fxe6 {[%emt 0:00:02]} 28. Rf6 {[%emt 0:00:01]} a2 {[%emt 0:00:09]} 29. Bd3 {[%emt 0:00:04]} a1=Q {[%emt 0:00:04]} 30. Rxa1 {[%emt 0:00:00]} Rxa1+ {[%emt 0:00:02]} 31. Kh2 {[%emt 0:00:02]} d5+ {[%emt 0:00:00]} 0-1

[Event "IMSA Blitz Men 2019"]
[Site "Hengshui"]
[Date "2019.05.18"]
[Round "8.2"]
[White "Ponomariov, Ruslan"]
[Black "Cheparinov, Ivan"]
[Result "1-0"]
[WhiteElo "2675"]
[BlackElo "2667"]
[Annotator "TA"]
[PlyCount "107"]
[EventDate "2019.05.17"]
[EventType "blitz"]
[EventCountry "CHN"]
[SourceTitle "playchess.com"]
[Source "ChessBase"]
[SourceQuality "1"]

{[%evp 12,107,13,10,12,8,14,0,0,0,7,8,8,0,0,0,0,0,18,19,18,17,25,15,20,24,21,19,18,18,29,28,37,40,41,34,52,33,37,22,35,25,29,14,27,7,23,23,23,16,58,40,55,23,59,33,35,14,133,142,244,244,262,269,253,237,287,262,301,267,378,364,344,342,353,168,648,338,331,212,209,144,371,384,369,350,554,528,921,865,29984,29985,29987,29988,29990,718,29998,29999]} 1. e4 e5 2. Nf3 Nc6 3. Bc4 Bc5 4. d3 Nf6 5. O-O d6 6. c3 O-O 7. Re1 a5 {C54: Giuoco Piano: 4 c3 Nf6, main lines with 5 d4 and 5 d3} 8. Nbd2 (8. h3 h6 9. Nbd2 Be6 10. Bb5 Qb8 11. Bxc6 bxc6 12. d4 exd4 13. cxd4 Bb4 14. a3 Bxd2 15. Nxd2 {½-½ (43) Giri,A (2797)-Ding,L (2809) Shenzhen 2019}) 8... Be6 9. Bxe6 fxe6 {The position is equal.} 10. Nf1 $146 ({Predecessor:} 10. h3 a4 11. Nc4 Qe8 12. d4 exd4 13. cxd4 Bb4 14. Bd2 Bxd2 15. Qxd2 {½-½ (32) Parente,A (1605)-Sorensen,K (2321) ICCF email 2011}) 10... Bb6 11. Be3 Bxe3 12. Nxe3 a4 13. b4 axb3 14. axb3 Qd7 15. b4 Ne7 16. Qb3 h6 17. Nd2 Ng6 18. g3 Kh7 19. Kg2 Qf7 20. f3 d5 21. Qc2 Nh5 22. Ng4 Nf6 23. Nf2 Kh8 24. Rxa8 (24. b5 {looks sharper.} Kg8 25. c4 c6 26. Qb2 Qd7 27. b6) 24... Rxa8 25. c4 c6 26. Rb1 Qd7 27. b5 Ne7 28. Qc3 Qd6 29. bxc6 bxc6 30. Rb7 {aiming for c5.} Rb8 31. Ra7 {[#] And now c5 would win.} Qc5 32. Ra5 Qd6 33. Nb3 Ng6 34. Ra6 dxe4 (34... d4 $11 {remains equal.} 35. Qc2 Qb4) 35. dxe4 $16 (35. fxe4 $6 Nh5 $14) 35... Rd8 (35... Qb4 $16 36. Qxb4 Rxb4) 36. c5 $18 Qc7 37. Na5 Ne7 38. Nc4 Ng6 39. Nd3 Qb7 40. Rb6 (40. Ncxe5 $2 Nxe5 41. Nxe5 Qxa6 $19) (40. Ndxe5 Qxa6 41. Nf7+ Kg8 $16) 40... Qa8 (40... Qa7 {was called for.} 41. Rxc6 Qa2+ 42. Ndb2 Rd1) 41. Ndxe5 Nxe5 42. Nxe5 {[#] Black must now prevent Nf7+.} ({Don't blunder} 42. Qxe5 $2 Qa2+ 43. Qb2 (43. Nb2 $2 Rd2+ 44. Kh3 Qa1 $19) 43... Qxc4 $19) 42... Kh7 43. Qc2 ({Not} 43. Rxc6 $2 Qa2+ 44. Kh3 Rd2 $19) (43. Nxc6 $142 Rc8 44. Nb4) 43... Qa5 $2 (43... Nd7) 44. Rb2 Qa6 45. Nf7 Rd3 46. Nd6 {Nc4 is the strong threat.} e5 $2 (46... Qa3 $16 47. e5 Nd5) 47. Nc4 Rd4 48. Nxe5 Qc8 (48... Ra4 $142 49. Qe2 Qxe2+ 50. Rxe2 Ra8) 49. Nf7 Kg8 50. Nd6 Qe6 51. Rb8+ Kh7 52. e5+ g6 53. Rb7+ (53. exf6 $142 h5 54. f7 Qf6 55. f8=Q Qxf8 56. Rxf8 h4 57. Qb3 Kh6 58. Qf7 Rd2+ 59. Kh3 hxg3 60. Rh8+ Kg5 61. f4#) 53... Kg8 54. Qxg6+ {[%mdl 64] Double Attack, Pin. Accuracy: White = 44%, Black = 24%.} 1-0

[Event "IMSA Blitz Men 2019"]
[Site "Hengshui"]
[Date "2019.05.18"]
[Round "8.2"]
[White "Leko, Peter"]
[Black "Bu, Xiangzhi"]
[Result "0-1"]
[WhiteElo "2674"]
[BlackElo "2729"]
[Annotator "RC"]
[PlyCount "124"]
[EventDate "2019.05.17"]
[EventType "blitz"]
[EventCountry "CHN"]
[SourceTitle "playchess.com"]
[Source "ChessBase"]
[SourceQuality "1"]
[TimeControl "180+2"]

1. e4 {[%emt 0:00:00]} e5 {[%emt 0:00:00]} 2. Nf3 {[%emt 0:00:00]} Nf6 {[%emt 0:00:00]} 3. Nxe5 {[%emt 0:00:01]} d6 {[%emt 0:00:00]} 4. Nf3 {[%emt 0:00:02]} Nxe4 {[%emt 0:00:01]} 5. Bd3 {[%emt 0:00:01]} Nf6 {[%emt 0:00:01]} 6. O-O Be7 7. Re1 {[%emt 0:00:03]} O-O {[%emt 0:00:02]} 8. Bf1 {[%emt 0:00:01]} d5 {[%emt 0:00:05]} 9. d4 {[%emt 0:00:02]} c5 {[%emt 0:00:01]} 10. dxc5 {[%emt 0:00:19]} Bxc5 {[%emt 0:00:01]} 11. Be3 {[%emt 0:00:12]} Bxe3 {[%emt 0:00:08]} 12. Rxe3 {[%emt 0:00:01]} Nc6 {[%emt 0:00:01]} 13. h3 {[%emt 0:00:16]} d4 {[%emt 0:00:14]} 14. Re2 {[%emt 0:00:27]} Qb6 {[%emt 0:00:07]} 15. c3 {[%emt 0:00:02]} Rd8 {[%emt 0:00:18]} 16. cxd4 Nxd4 17. Nxd4 {[%emt 0:00:06]} Rxd4 {[%emt 0:00:04]} 18. Rd2 {[%emt 0:00:50]} Rxd2 {[%emt 0:00:02]} 19. Qxd2 {[%emt 0:00:01]} Bf5 {[%emt 0:00:35]} 20. Nc3 {[%emt 0:00:03]} Rd8 {[%emt 0:00:01]} 21. Qc1 {[%emt 0:00:04]} h6 {[%emt 0:00:06]} 22. b3 {[%emt 0:00:06]} Qd4 {[%emt 0:01:06]} 23. Qd1 {[%emt 0:00:32]} Ne4 {[%emt 0:00:30]} 24. Qxd4 {[%emt 0:00:05]} Rxd4 {[%emt 0:00:01]} 25. Nxe4 {[%emt 0:00:08]} Bxe4 {[%emt 0:00:01]} 26. Re1 {[%emt 0:00:03]} Bc6 {[%emt 0:00:06]} 27. a3 {[%emt 0:00:18]} Kf8 {[%emt 0:00:04]} 28. f3 {[%emt 0:00:02]} Rd2 {[%emt 0:00:01]} 29. Re3 {[%emt 0:00:02]} a5 {[%emt 0:00:03]} 30. a4 {[%emt 0:00:07]} Bd5 {[%emt 0:00:06]} 31. Rc3 {[%emt 0:00:02]} Ke7 {[%emt 0:00:03]} 32. Bc4 {[%emt 0:00:01]} Bc6 {[%emt 0:00:04]} 33. h4 {[%emt 0:00:02]} g5 {[%emt 0:00:08]} 34. hxg5 {[%emt 0:00:01]} hxg5 {[%emt 0:00:00]} 35. Kh2 {[%emt 0:00:01]} f5 {[%emt 0:00:04]} 36. Kg3 {[%emt 0:00:02]} Kf6 {[%emt 0:00:01]} 37. Kh2 {[%emt 0:00:03]} g4 {[%emt 0:00:01]} 38. Kg3 {[%emt 0:00:02]} Kg5 {[%emt 0:00:01]} 39. f4+ {[%emt 0:00:05]} Kf6 {[%emt 0:00:00]} 40. Bf1 {[%emt 0:00:01]} Rb2 {[%emt 0:00:04]} 41. Kh2 {[%emt 0:00:04]} Ke6 {[%emt 0:00:04]} 42. Re3+ {[%emt 0:00:02]} Kd6 {[%emt 0:00:01]} 43. Re5 {[%emt 0:00:03]} b6 {[%emt 0:00:05]} 44. Rxf5 {[%emt 0:00:01]} Rxb3 45. Rf6+ Kc5 46. Rg6 {[%emt 0:00:04]} Bxa4 {[%emt 0:00:03]} 47. Rg5+ {[%emt 0:00:01]} Kd4 {[%emt 0:00:01]} 48. Rxg4 {[%emt 0:00:01]} Bd7 {[%emt 0:00:01]} 49. Rg7 {[%emt 0:00:01]} Bc6 {[%emt 0:00:03]} 50. g4 {[%emt 0:00:02]} Rf3 {[%emt 0:00:01]} 51. Kg1 {[%emt 0:00:05]} Rxf4 {[%emt 0:00:01]} 52. g5 {[%emt 0:00:02]} a4 {[%emt 0:00:01]} 53. g6 {[%emt 0:00:02]} Kc5 {[%emt 0:00:07]} 54. Rg8 {[%emt 0:00:02]} Bd5 {[%emt 0:00:03]} 55. Rc8+ {[%emt 0:00:01]} Kb4 {[%emt 0:00:01]} 56. Rd8 {[%emt 0:00:02]} Bb3 {[%emt 0:00:01]} 57. Rd6 {[%emt 0:00:02]} Kc5 {[%emt 0:00:02]} 58. Rd8 {[%emt 0:00:04]} Rg4+ {[%emt 0:00:00]} 59. Kf2 {[%emt 0:00:01]} Rxg6 {[%emt 0:00:01]} 60. Ke3 {[%emt 0:00:00]} Kb4 {[%emt 0:00:02]} 61. Rb8 {[%emt 0:00:01]} a3 {[%emt 0:00:01]} 62. Ra8 {[%emt 0:00:01]} a2 {[%emt 0:00:00]} 0-1